00652cam a22001457a 4500008004000000082001500040245020900055260003900264300001000303650002400313700002100337700004400358999001900402952008500421180718b1955 xxu||||| |||| 00| 0 eng d aT25084 C76 aCoordination, control and financing of industrial research: proceedings of the fifth annual conference..... June, 1954 with selected papers from the fourth Conference, June,1953cedited by A.H. Rubenstein aNew YorkbKing's Crown Pressc1955 a429p. aIndustrial Research aRubenstein, A.H. aConference on Industrial Research, 1954 c362834d362834 00104070aIIPAbIIPAd2010-01-13oT25084 C76p4938r2018-07-21w2018-07-21yBK